000 01970nam a22003137i 4500
999 _c174973
_d174973
003 PPAK
005 20191117114412.0
008 191117t20182018enk g 000 1bengod
020 _a9780008163624
_cRM81.90
_qhardback
040 _aPPAK
_beng
_cPPAK
_erda
082 0 4 _223
_a823.92
090 0 0 _a823.92
_bPLA
_dG
100 1 _aPlampin, Matthew,
_d1975-
_eauthor.
245 1 0 _aMRS WHISTLER /
_cMatthew Plampin
264 1 _aLondon :
_bThe Borough Press, an imprint of HarperCollinsPublishers,
_c2018
264 4 _c©2018
300 _a454 pages :
_c23 cm
336 _2rdacontent
_atext
337 _2rdamedia
_aunmediated
338 _2rdacarrier
_avolume
500 _a"Model. Muse. Mother." -- Cover.
520 _aChelsea 1876: Jimmy Whistler stands on the cusp of fame, ready to astound the London art world with his radical paintings. At his side is Maud Franklin, his muse, lover and occasional pupil, sharing his house, his dazzling social life and his grand hopes for the future. But Jimmy's rebelliousness comes at a heavy price for them both as he battles a furious patron, challenges an influential and viciously hostile critic and struggles with a dire lack of cash. Before long a fight for survival is being waged through the galleries, the drawing rooms and even the courts--and Maud, Jimmy's Madame and closest ally, is expected to do her part. The Madame has problems of her own, however. Maud has fallen pregnant, and must now face the reality of what life with Jimmy entails. As the situation starts to unravel, as loyalties are sorely tested and bankruptcy looms, she has to decide what she wants. Who she is. What she is prepared to endure.
650 1 0 _aMan-woman relationships
_vFiction
650 2 0 _aDissident art
_vFiction
650 2 0 _aArtists' models
_vFiction
650 2 0 _aWomen
_vSocial conditions
_xFiction
_y19th century
_zEngland
651 1 0 _aLondon (England)|
_vSocial life and customs
_xFiction
_y19th century
942 _2ddc
_cB